=LDR 00000nam 2200000 4500 =001 INLIS000000000034213 =005 20130612140127 =008 ***********************************ind** =035 ##$$0010-061300000034213 =041 ##$$a ind =082 ##$$a 813 =090 ##$$a 813, Jam y =100 ##$$a Jami, Hakim Nuruddin Abdurrahman =245 ##$$a Yusuf =260 ##$$a 2007 $b Jakarta =300 ##$$a 300 hlm, 117 cm =650 ##$$a Fiksi Indonesia =700 ##$$a Assagaf, M. Hasyim =850 ##$$a NBPNMAT